000 00289nam a22001337a 4500
008 180922b xxu||||| |||| 00| 0 eng d
020 _a0155414607
041 _aeng
080 _a371
100 _a25
101 _aEDU
245 _aThe Informed Argument
_cMiller, R.K
942 _2udc
_cBK
999 _c48261
_d48261